00868nam a2200229Ia 450000500170000000800390001702000150005604100080007108200180007911100870009724501160018425000220030030000250032265000450034765000400039265000400043226400430047233600270051533700330054233800280057504000350060320220316235749.0121119s1999 ck gr 100 0 spa a95880527930 aspa04aCO860.3 bM252 aComisión de Expertos para el Sector Literario de Colombia cVilla de Leyvad199910aMemorias de la Comisión de Expertos para el Sector Literario de Colombia, Villa de Leyva, nov., 22-26 de 1999 aPrimera edición a59 páginas c21 cm14aLiteratura colombianaxPromoción2LEMB14aLiteratura colombianaxBecas 2LEMB14aIndustria del librozColombia2LEMB aBogotá bMinisterio de Culturac1999 atextobtxt2rdacontent asin mediaciónbn2rdamedia avolumenbnc2rdacarrier aCO-BoRNBPbspaerdacCO-BoRNBP